000 01027cam a2200217 4500500
005 20260322005059.0
041 _afre
042 _adc
100 1 0 _aGerena, Edison
_eauthor
700 1 0 _aDupont, Charlotte
_eauthor
700 1 0 _aBanrezes, Bernadette
_eauthor
700 1 0 _aChavatte-Palmer, Pascale
_eauthor
700 1 0 _aHaliyo, Sinan
_eauthor
700 1 0 _aLévy, Rachel
_eauthor
245 0 0 _aRobotization of in vitro fertilization: Advantages, current status, and prospects
260 _c2024.
500 _a25
520 _aThis mini review sheds light on advances in the robotization of in vitro fertilization: from the advantages it offers, to recent innovations in the field of medically assisted reproduction, to new micromanipulation techniques adapted to the changing needs of MAR laboratories.
786 0 _nMédecine de la Reproduction | 26 | 1 | 2024-01-09 | p. 74-81 | 2650-8427
856 4 1 _uhttps://stm.cairn.info/journal-medecine-de-la-reproduction-2024-1-page-74?lang=en&redirect-ssocas=7080
999 _c1745525
_d1745525